header

Library management (Record no. 128299)

MARC details
000 -LEADER
fixed length control field 01167nam a2200289Ia 4500
245 00 - TITLE STATEMENT
Title Library management
260 ## - PUBLICATION, DISTRIBUTION, ETC. (IMPRINT)
Place of publication [Bradford, UK] :
Name of publisher Emerald,
Year of publication 2011.
300 ## - PHYSICAL DESCRIPTION
Number of Pages 140 p.
490 0# - SERIES STATEMENT
Series statement Library management ;
650 #0 - SUBJECT ADDED ENTRY--TOPICAL TERM
Topical Term Academic librarians.
Topical Term Reference librarians.
700 1# - ADDED ENTRY--PERSONAL NAME
Personal name O'Connor, S.
856 40 - ELECTRONIC LOCATION AND ACCESS
Uniform Resource Identifier http://site.ebrary.com/lib/rucke/Doc?id=10464510

No items available.

© 2026 Rongo University
Contact us: librarian | system librarian | Rongo university